[Event "Pige NM C"]
[Site "Jetsmark"]
[Date "2011.04.09"]
[Round "2.5"]
[White "Jacobsen, Hanna"]
[Black "Juliusdottir, Asta Soley"]
[Result "1-0"]
[WhiteElo "1017"]
[BlackElo "1200"]
[PlyCount "97"]
[EventDate "2011.04.08"]
[EventType "swiss"]
[EventRounds "5"]
[EventCountry "DEN"]
[SourceTitle "EXT 2023"]
[Source "ChessBase"]
[SourceDate "2022.10.05"]
[SourceVersion "1"]
[SourceVersionDate "2022.10.05"]
[SourceQuality "1"]

1. e4 e5 2. f4 Nc6 3. Nf3 d6 4. d4 exd4 5. Nxd4 Bd7 6. Bc4 Nf6 7. Nc3 g6 8. 0-0 Bg7 9. Be3 0-0 10. Be2 Re8 11. Bf3 Qc8 12. h3 Nxd4 13. Bxd4 Re6 14. Bxf6 Rxf6 15. Nd5 Re6 16. Re1 Bxb2 17. Rb1 Bg7 18. f5 gxf5 19. exf5 Rxe1+ 20. Qxe1 Bxf5 21. Ne7+ Kf8 22. Nxc8 Rxc8 23. Rxb7 Bd4+ 24. Kh1 Re8 25. Qh4 Bc5 26. Rxc7 Bb6 27. Qh6+ Kg8 28. Rc3 Bd4 29. Rc4 Re1+ 30. Kh2 Be5+ 31. g3 Bg7 32. Qxd6 Rf1 33. Qb8+ Bf8 34. Qxa7 Rxf3 35. Rf4 Rxf4 36. gxf4 Bxc2 37. Qg1+ Bg6 38. f5 Bd6+ 39. Kh1 Kg7 40. fxg6 hxg6 41. Qd4+ Kh6 42. Qxd6 Kg7 43. a4 f5 44. a5 Kh6 45. a6 Kg5 46. a7 Kh4 47. Qxg6 Kxh3 48. a8Q f4 49. Qh8# 1-0